| 000 | 00837nam a22002057a 4500 | ||
|---|---|---|---|
| 999 |
_c18266 _d18266 |
||
| 003 | AR-CdUCM | ||
| 008 | 190513b ||||| |||| 00| 0 spa d | ||
| 040 |
_aMUNICIPALIDAD PROVINCIAL DEL CUSCO _cBIBLIOTECA MUNICIPAL DEL CUSCO |
||
| 082 |
_22ed. _a370 / _bD65 |
||
| 100 |
_aDewey, J. _938758 |
||
| 245 | _aLas escuelas de mañana / | ||
| 260 |
_aBuenos Aires : _bLosada, _c1957. |
||
| 300 |
_a183 páginas ; _c19 cm. |
||
| 440 |
_aBiblioteca del maestro ; _n23 _938759 |
||
| 505 | _aContenido: La educación como desarrollo natural -- Un experimento sobre la educación considerada como un desarrollo natural -- Cuatro factores en el crecimiento natural -- La reorganización del programa escolar ... | ||
| 650 |
_aEducación _9460 |
||
| 700 |
_aLuzuriaga, Lorenzo (traductor) _99920 |
||
| 942 |
_2ddc _cLIBROS |
||
| 945 |
_aacv _d2019-05-13 |
||